Las nuevas mil y una noches
Saved in:
| Hovedforfatter: | |
|---|---|
| Format: | Bog |
| Sprog: | spansk |
| Udgivet: |
Barcelona
Alba
2001
|
| Udgivelse: | 1a. ed |
| Fag: | |
| Tags: |
Tilføj Tag
Ingen Tags, Vær først til at tagge denne postø!
|
MARC
| LEADER | 00000cam a2200000 a 4500 | ||
|---|---|---|---|
| 001 | UCF1961 | ||
| 003 | CL-VaPUC | ||
| 008 | 120802e20010000SP |||||||||||||||||spa|d | ||
| 020 | |a 8484280675 | ||
| 082 | 0 | 4 | |a 823 |b STE |2 21 |
| 100 | 0 | |a Stevenson, Robert Louis |e author |9 348874 | |
| 245 | 1 | 4 | |a Las nuevas mil y una noches |
| 250 | |a 1a. ed | ||
| 300 | |a 284 p | ||
| 942 | |c BK | ||
| 945 | |d 20120802 00:00:00 |a dcastane | ||
| 260 | |a Barcelona |b Alba |c 2001 | ||
| 650 | 0 | |a Novelas inglesas |9 265220 | |
| 650 | 0 | |a Literatura inglesa |9 312907 | |
| 583 | |a last modification |c 20120802 10:35:00 |k Rodrigo Vera | ||
| 999 | |c 348645 |d 348643 | ||
| 952 | |0 0 |1 0 |4 0 |6 823_000000000000000_STE_2001 |7 0 |8 A |9 450768 |a BIBING |b BIBING |d 2019-11-22 |i 4884027 |o 823 STE 2001 |p 4884027 |r 2025-01-20 |w 2019-11-22 |y BK |k CUI | ||